000 00487nam a22001577a 4500
999 _c17900
_d17900
008 190930b xxu||||| |||| 00| 0 eng d
020 _a086448262
040 _aKABU
_cKABU
050 _aTX911.3
_b.H67 2011 c. 1
245 _aHospitality operations: a systems approach
_cPeter Jones, ... [et al.].
260 _aAustralia
_bCENGAGE Learning
_c2011
300 _avii, 255 p.
650 _aHospitality industry
700 _aJones, Peter ...[et al.].
942 _2lcc
_cBK
_hTX911.3